|
|
|
|
| LEADER |
01304nam a2200373 a 4500 |
| 001 |
000398299 |
| 003 |
CZ BrMZK |
| 005 |
20210609132640.0 |
| 007 |
ta |
| 008 |
980115s1998 xr e cze d |
| 015 |
|
|
|a cnb000646891
|
| 020 |
|
|
|a 80-7198-352-7
|
| 035 |
|
|
|a (OCoLC)43951776
|
| 040 |
|
|
|a BOA001
|b cze
|
| 072 |
|
7 |
|a 32
|x Politika
|2 Konspekt
|9 15
|
| 080 |
|
|
|a 321
|2 MRF
|
| 080 |
|
|
|a 930.1
|2 MRF
|
| 080 |
|
|
|a 321.7+342.34
|2 MRF
|
| 080 |
|
|
|a (0:82-4)
|2 MRF
|
| 100 |
1 |
|
|a Bednář, Miloslav,
|d 1948-
|7 jn99240000062
|4 aut
|
| 245 |
1 |
0 |
|a Spravedlnost, demokracie a česká filosofie politiky :
|b úvahy nad proměnou hodnot po roce 1989 /
|c Miloslav Bednář.
|
| 260 |
|
|
|a V Olomouci :
|b Votobia,
|c 1998
|
| 300 |
|
|
|a 169 s. ;
|c 20 cm
|
| 490 |
1 |
|
|a Velká řada
|
| 650 |
0 |
7 |
|a filozofie politiky
|7 ph114545
|2 czenas
|
| 650 |
0 |
7 |
|a filozofie dějin
|7 ph120224
|2 czenas
|
| 650 |
0 |
7 |
|a demokracie
|7 ph117182
|2 czenas
|
| 655 |
|
7 |
|a úvahy
|7 fd134000
|2 czenas
|
| 830 |
|
0 |
|a Velká řada (Votobia)
|0 s
|
| 910 |
|
|
|a BOA001
|b 2-1058.328
|b PK-0131.557
|
| 920 |
|
|
|a 000395738
|
| 990 |
|
|
|a BK
|
| 996 |
6 |
|
|b 2610091291
|c 2-1058.328
|l MZK
|r Sklad / do 1 hodiny
|n 10
|p p.v.
|w 000398299
|u 000010
|a 1
|e BOA001
|j MZK50
|s P
|
| 996 |
7 |
|
|b 3119015807
|c PK-0131.557
|l MZK
|r Sklad / do 1 hodiny
|n 24
|p kup
|w 000398299
|u 000020
|a 1
|e BOA001
|j MZK50
|s A
|